Mobility in higher education. Seminar II seminar II: Tallinn, Estonia 26 to 28 april 1994

Na minha lista:
Detalhes bibliográficos
Formato: Livro
Idioma:inglês
Publicado em: Paris OECD 1994
Assuntos:
Tags: Adicionar Tag
Sem tags, seja o primeiro a adicionar uma tag!

MARC

LEADER 00000nam a2200000 4500
001 c120080
005 20221123112557.0
041 0 |a eng 
044 |a FR 
245 1 0 |a Mobility in higher education. Seminar II  |b seminar II: Tallinn, Estonia 26 to 28 april 1994 
264 1 |a Paris  |b OECD  |c 1994 
300 |a 73 s. 
610 2 0 |a vzdelávanie 
610 2 0 |a vzdelanie vysokoškolské 
610 2 0 |a spolupráca vedecká medzinárodná 
610 2 0 |a veda 
610 2 0 |a výskum